<?xml version="1.0" encoding="UTF-8"?>
<collection xmlns="http://www.loc.gov/MARC21/slim">
 <record>
  <leader>01315nam a2200193Ia 4500</leader>
  <controlfield tag="001">CTU_109152</controlfield>
  <controlfield tag="008">210402s9999    xx            000 0 und d</controlfield>
  <datafield tag="082" ind1=" " ind2=" ">
   <subfield code="a">190</subfield>
  </datafield>
  <datafield tag="082" ind1=" " ind2=" ">
   <subfield code="b">B869</subfield>
  </datafield>
  <datafield tag="100" ind1=" " ind2=" ">
   <subfield code="a">Bronowski, J.</subfield>
  </datafield>
  <datafield tag="245" ind1=" " ind2="4">
   <subfield code="a">The Western intellectual tradition</subfield>
  </datafield>
  <datafield tag="245" ind1=" " ind2="0">
   <subfield code="c">J. Bronowski, Bruce Mazlish</subfield>
  </datafield>
  <datafield tag="260" ind1=" " ind2=" ">
   <subfield code="a">New York</subfield>
  </datafield>
  <datafield tag="260" ind1=" " ind2=" ">
   <subfield code="b">barnes &amp; Noble</subfield>
  </datafield>
  <datafield tag="260" ind1=" " ind2=" ">
   <subfield code="c">1960</subfield>
  </datafield>
  <datafield tag="520" ind1=" " ind2=" ">
   <subfield code="a">This book is a study of the developing ideas from the Renaissance to the opening of the nineteenth century. It is intellectual history in the largest sense, not confined to ideas in one or a few fields, but covering the whole spectrum of Western intellectual activity during the four centuries when the world was transformed from medieval to modern. An important feature of the book is its stress on the interplay of ideas from different fields. In particular, the authors give more attention than is usual to the ideas of science, to the movements of literary style, and to the innovations in the arts. The book is divided into three parts: Part One: The Expanding World. Part Two: The Age of Reasoned Dissent. Part Three: The Great Revolution. &quot;This is a valuable and brilliant book . . .&quot; C.P. Snow</subfield>
  </datafield>
  <datafield tag="650" ind1=" " ind2=" ">
   <subfield code="a">Phylosophy, modern,Civilization</subfield>
  </datafield>
  <datafield tag="904" ind1=" " ind2=" ">
   <subfield code="i">Truc</subfield>
  </datafield>
  <datafield tag="980" ind1=" " ind2=" ">
   <subfield code="a">Trung tâm Học liệu Trường Đại học Cần Thơ</subfield>
  </datafield>
 </record>
</collection>
